Rosalía: Completa la letra de las canciones - Estadísticas

Estadísticas generales
  • Esta prueba ha sido intentada 1.133 veces
    1.081 desde el último reinicio
  • La puntuación promedio es 9 de 13
Estadísticas de respuestas
Letra Palabra % Correcto
Y ando despechá', oah, alocá'
Bajé con un flow nuevo de caja, baby, hackeá'
Lo muevo de la'o a la'o y a otro la'o
Hoy salgo con mi baby de la disco coroná'
Y ando despechá', oah, alocá'
Que ____ me libre de volver a tu la'o
Lo muevo de la'o a la'o y a otro la'o
Hoy salgo con mi baby de la disco coroná', coroná', yeah
Dios
94%
Me da miedo cuando sales Sonriendo pa' la _____
Porque todos pueden ver
Los hoyuelitos que te salen
calle
93%
Esto es pa' que quede, lo que yo hago dura (Con altura)
Demasiada' noches de travesura' (Con altura)
Vivo rápido y no tengo cura (Con altura)
Iré joven pa' la _________ (Con altura)
sepultura
91%
Ese cristalito roto
Yo sentí como crujía
Antes de caerse al suelo
Ya sabía que se rompía (uh)
Está parpadeando
La luz del ___________
Una voz en la escalera
Alguien cruzando el pasillo
descansillo
82%
Es mala amante la fama y no va a quererte de verdad Es demasia'o ___________, y como ella viene, se te va Sabe que será celosa, yo nunca le confiaré Si quiere' duerme con ella, pero nunca la vayas a casar traicionera
79%
Somos dos _________ como los de ante' El respeto es en boletos y diamante' Se me para el cora' sólo con mirarte Porque a ti te canto pa' que tú me cante' cantantes
70%
Eh, yo soy muy mía, yo me transformo Una mariposa, yo me transformo Makeup de ___ _____, yo me transformo Lluvia de estrellas, yo me transformo drag queen
60%
Ponme la mano aquí, ________
Ponme la mano aquí
Ponme la mano aquí que la tienes fría
Mira que me voy a morir
Catalina
57%
Juntas por la noche
Puestas pa'l derroche
Tu pelo ________
La combi Versace
Juntas por la noche
Puestas pa'l derroche
Tu pelo ________
La combi Versace
azabache
53%
Pa' ti naki, chicken teriyaki
Pa' ti naki, chicken teriyaki
Pa' ti naki, chicken teriyaki
Tu gata quiere ____ (mi gata en Kawasaki)
maki
53%
Vámono' de aquí para no volver Y si volvemos, que sea solo pa' hacerlo llover (Yah, ah) Vámonos de aquí, no quiero espera' El cielo está en algún otro lugar Quieren mi tiempo y no tengo má' (No) Sin ser ______, tengo compá' To'l día working, sin descansa' No estoy para nadie, no me puedo casa' gitana
52%
I don't need _______Baby, lie like you love me, lie like you love me Cover me in a dream I'll be yours, our fantasy honesty
48%
Esto está encendido, na, na, na, na
Esto está encendido, na, na, na, na
Sonando en las peñas y los Hamptons
Sangría y Valentino
En el Palace y en el _____
chino
43%
No se encontraron pruebas coincidentes
Distribución de puntuación
Porcentaje de gente con cada puntuación
Porcentaje por número respondido
Historial de tus puntuaciones
No has intentado esta prueba desde el último reinicio